000 00643nam a22001457a 4500
999 _c525970
_d525970
008 240429b ||||| |||| 00| 0 eng d
100 _aFerrie, Joseph P.
_944766
245 _aDeaton, Angus. economics in America: An immigrant economist explores the land of inequality
260 _aJournal of Economic Literature
300 _a62(1). Mar, 2024: p323-324
520 _aFerrie, Joseph P. 2024. "Deaton, Angus. Economics in America: An Immigrant Economist Explores the Land of Inequality." Journal of Economic Literature, 62 (1): 323-24.- Reproduced
773 _aJournal of Economic Literature
906 _aBOOK REVIEW
942 _cAR